Personnalités francophones par initiales - F - Statistiques

Statistiques générales
  • Ce quiz a été pris 106 fois
  • Le résultat moyen est 10 sur 19
Statistiques - réponses
Indice Réponse % Correct
FC Interprète de Petite Marie et de Je l'aime à mourir Francis Cabrel
97%
FM Premier président de gauche de la Ve République François Mitterrand
91%
FG Interprète d'Ella, elle l'a et de Résiste France Gall
90%
FI Il a remporté la bataille de Marignan François Ier
83%
FH Icône des années yéyé, elle a interprété Tous les garçons et les filles Françoise Hardy
78%
FF Humoriste qui a présenté deux fois la cérémonie des Césars Florence Foresti
68%
FR Auteur humaniste qui a créé les personnages de Gargantua et Pantagruel François Rabelais
63%
FA Navigatrice morte tragiquement dans un accident d'hélicoptère Florence Arthaud
62%
FE Humoriste et acteur qui a joué dans Case départ Fabrice Éboué
59%
FS Écrivaine, son premier roman est Bonjour tristesse Françoise Sagan
56%
FJ Scientifique, son nom composé comporte le nom d'un couple célèbre de chimistes dont il est le gendre Frédéric Joliot-Curie
51%
FO Humoriste et mentaliste à la mémoire prodigieuse Fabien Olicard
45%
FV Interprète d'Aimons-nous vivants et Elle danse Marie François Valéry
45%
FT Figure majeure de la Nouvelle Vague, il a réalisé Les Quatre Cents Coups François Truffaut
43%
FL Interprète d'On se retrouvera Francis Lalanne
31%
FD Une demoiselle de Rochefort Françoise Dorléac
30%
FB Humoriste et acteur, il formait un duo comique avec Pierre Dac Francis Blanche
24%
FP Poète, il a écrit le recueil Le Parti pris des choses Francis Ponge
11%
FZ Animateur de radio sur RTL et RTL2 Francis Zégut
5%
Aucun quiz correspondant
Distribution des résultats
% des personnes avec chaque résultat
Percentile par nombre de réponses
Votre historique - résultats
Vous n’avez pas pris ce quiz